Précis de géographie urbaine / (Record no. 34534)
[ view plain ]
| 000 -LEADER | |
|---|---|
| fixed length control field | 00860nam a22002891 4500 |
| 001 - CONTROL NUMBER | |
| control field | 34534 |
| 003 - CONTROL NUMBER IDENTIFIER | |
| rucl marc code | BD-RjUL |
| 005 - DATE AND TIME OF LATEST TRANSACTION | |
| control field | 20211209052156.0 |
| 008 - FIXED-LENGTH DATA ELEMENTS--GENERAL INFORMATION | |
| fixed length control field | 140517s1969 fr af b 000 0 fre |
| 035 ## - SYSTEM CONTROL NUMBER | |
| System control number | (BD-RjUL)34628 |
| System control number | (OCoLC)5173845 |
| 040 ## - CATALOGING SOURCE | |
| Original cataloging agency | DLC |
| Transcribing agency | ScU |
| Modifying agency | ScU |
| -- | DLC |
| -- | BD-RjUL |
| Language of cataloging | eng |
| 041 ## - LANGUAGE CODE | |
| Language code of text/sound track or separate title | eng |
| 082 04 - DEWEY DECIMAL CLASSIFICATION NUMBER | |
| Edition number | 22 |
| Classification number | 307.76 |
| Author mark and year | GEP 1969 |
| 100 1# - MAIN ENTRY--PERSONAL NAME | |
| Personal name | George, Pierre, |
| Dates associated with a name | 1909- |
| 9 (RLIN) | 105040 |
| 245 10 - TITLE STATEMENT | |
| Title | Précis de géographie urbaine / |
| Statement of responsibility, etc. | Pierre George. |
| 250 ## - EDITION STATEMENT | |
| Edition statement | 3 édition révisée. |
| 260 ## - PUBLICATION, DISTRIBUTION, ETC. (IMPRINT) | |
| Place of publication, distribution, etc. | Paris : |
| Name of publisher, distributor, etc. | Presses universitaires de France, |
| Date of publication, distribution, etc. | 1969. |
| 300 ## - PHYSICAL DESCRIPTION | |
| Pagination | 292 p. : |
| Illustrations | illus., plates. |
| Size | 18 cm. |
| 500 ## - GENERAL NOTE | |
| General note | Cover illustrated in color. |
| 504 ## - BIBLIOGRAPHY, ETC. NOTE | |
| Bibliography, etc | Bibliographical footnotes. |
| 650 #0 - SUBJECT ADDED ENTRY--TOPICAL TERM | |
| Topical term or geographic name as entry element | Cities and towns. |
| 9 (RLIN) | 105041 |
| Topical term or geographic name as entry element | City planning. |
| 9 (RLIN) | 105042 |
| 942 ## - ADDED ENTRY ELEMENTS (KOHA) | |
| Source of classification or shelving scheme | Dewey Decimal Classification |
| Koha item type | Books |
| Lost status | Source of classification or shelving scheme | Damaged status | Not for loan | Collection code | Permanent Location | Current Location | Shelving location | Date acquired | Source of acquisition | Cost, normal purchase price | Total Checkouts | Full call number | Date last seen | Copy number | Koha item type |
|---|---|---|---|---|---|---|---|---|---|---|---|---|---|---|---|
| Dewey Decimal Classification | Not For Loan | Non-fiction | Central Library, University of Rajshahi | Central Library, University of Rajshahi | Reading Room | 20/01/1971 | Zeitlinger | 35.00 | 307.76 GEP 1969 | 17/05/2014 | C-1 | Books |